000 00653nam a2200205 i 4500
001 94435
003 ES-MaACL
005 20250627063641.0
007 t|
008 050429s1983 sp ||||1| spa d
100 1 _aLorén, Santiago,
_d1918-2010
_974093
245 1 3 _aEl proceso de madame Lafargue
_b: novela /
_cSantiago Lorén.
250 _a[1ª ed.].
260 _aBarcelona :
_bPlaneta,
_c1983.
300 _a316 p. ;
_c18 cm.
490 1 _aColección Autores españoles e hispanoamericanos
830 0 _aColección Autores españoles e hispanoamericanos
_9184325
852 _aES-MaACL
_jL-6617
_bR.107269
999 _c94435
_d94435